Land value and public transport (Record no. 103578)
[ view plain ]
| 000 -LEADER | |
|---|---|
| fixed length control field | 01549cam a2200229 4500 |
| 001 - CONTROL NUMBER | |
| control field | L126172 |
| 008 - FIXED-LENGTH DATA ELEMENTS--GENERAL INFORMATION | |
| fixed length control field | 021105n2004 000 0 eng u |
| 020 ## - INTERNATIONAL STANDARD BOOK NUMBER | |
| International Standard Book Number | 1842191942 |
| 035 ## - SYSTEM CONTROL NUMBER | |
| System control number | (Sirsi) u126172 |
| 041 ## - LANGUAGE CODE | |
| Language code of text/sound track or separate title | eng |
| 050 ## - LIBRARY OF CONGRESS CALL NUMBER | |
| Classification number | 333.33 |
| -- | 18 |
| 110 ## - MAIN ENTRY--CORPORATE NAME | |
| Corporate name or jurisdiction name as entry element | Royal Institution of Chartered Surveyors |
| 9 (RLIN) | 4900 |
| 245 ## - TITLE STATEMENT | |
| Title | Land value and public transport |
| Remainder of title | stage two: testing the methodology on the Croydon tramlink |
| Medium | [electronic resource] |
| 260 ## - PUBLICATION, DISTRIBUTION, ETC. | |
| Place of publication, distribution, etc. | London |
| Name of publisher, distributor, etc. | RICS |
| Date of publication, distribution, etc. | 2004 |
| 300 ## - PHYSICAL DESCRIPTION | |
| Extent | 56p. |
| 520 ## - SUMMARY, ETC. | |
| Summary, etc. | RICS, ODPM and DfT published the "Land value and public transport stage one" report in October 2002, which assessed the interrelationship between land use, land value and public transport and included a literature review on measuring property and land value uplift following the implementation of new transport infrastructure. "Land value and public transport stage two" reports on a pilot study of a draft methodology created by the study team to test how movements in value as a result of new transport infrastructure can be measured. The report uses both quantitive and qualitative techniques to test and analyse the draft methodology on the Croydon Tramlink, which was opened in May 2000. Appendices. Figures. |
| 690 ## - LOCAL SUBJECT ADDED ENTRY--TOPICAL TERM (OCLC, RLIN) | |
| Topical term or geographic name as entry element | PROPERTY-INFRASTRUCTURE-INFRASTRUCTURE VALUATION AND APPRAISAL |
| 710 ## - ADDED ENTRY--CORPORATE NAME | |
| Corporate name or jurisdiction name as entry element | Office of the Deputy Prime Minister |
| 9 (RLIN) | 4685 |
| 710 ## - ADDED ENTRY--CORPORATE NAME | |
| Corporate name or jurisdiction name as entry element | Department for Transport |
| 9 (RLIN) | 4683 |
| 856 ## - ELECTRONIC LOCATION AND ACCESS | |
| Uniform Resource Identifier | <a href="https://www.rics.org/Global/Downloads/LandValuePublicTransport.pdf">https://www.rics.org/Global/Downloads/LandValuePublicTransport.pdf</a> |
| Public note | View the report free of charge at www.rics.org |
| 942 ## - ADDED ENTRY ELEMENTS (KOHA) | |
| Suppress in OPAC | 0 |
| Withdrawn status | Lost status | Source of classification or shelving scheme | Damaged status | Not for loan | Home library | Current library | Shelving location | Date acquired | Total Checkouts | Full call number | Barcode | Date last seen | Copy number | Price effective from | Koha item type |
|---|---|---|---|---|---|---|---|---|---|---|---|---|---|---|---|
| Dewey Decimal Classification | Virtual | Virtual | Online | 10/06/2005 | 333.33 RIC | 126172-2001 | 06/08/2019 | 1 | 06/08/2019 | Book |